| 000 | 01016cam a22003011 4500 | ||
|---|---|---|---|
| 001 | 20901 | ||
| 003 | BD-RjUL | ||
| 005 | 20211209000627.0 | ||
| 008 | 140302t1953 nyua 000 0 eng | ||
| 035 | _a(BD-RjUL)20963 | ||
| 035 | _a(OCoLC)1394381 | ||
| 040 |
_aDLC _cFO _dOCoLC _dUk _dDLC _dBD-RjUL _beng |
||
| 041 | _aeng | ||
| 082 | 0 | 0 |
_a810.82 _bNEW 1953 |
| 245 | 1 | 0 |
_aNew problems in reading & writing .../ _ccompiled and edited by Henry W. Sams and Waldo F. McNeir. |
| 250 | _aRev. ed. | ||
| 260 |
_aNew York : _bPrentice-Hall, _cc1953. |
||
| 300 |
_a512 p. : _billus. ; _c23 cm. |
||
| 490 | 0 | _aPrentice-Hall series in English composition | |
| 500 | _aFirst ed. published in 1949 under title: Problems in reading & writing. | ||
| 650 | 0 |
_aAmerican prose literature. _964558 |
|
| 650 | 0 |
_aEnglish language _xComposition and exercises. _925290 |
|
| 700 | 1 |
_aSams, Henry W, _ejoint ed. _917238 |
|
| 700 | 1 |
_a McNeir, Waldo F. _964559 |
|
| 942 |
_2ddc _cBK |
||
| 999 |
_c20901 _d20901 |
||